| 000 | 01130nam a2200361Ia 4500 | ||
|---|---|---|---|
| 001 | Z_6371 | ||
| 003 | CHAP | ||
| 008 | 220113s2011 xx 000 0 und d | ||
| 010 | _a169628 | ||
| 020 | _a13: 978-970-686-835-0 \ 10: 970-686-835-6 | ||
| 040 | _cCHAP | ||
| 082 | _a519.5 J64 | ||
| 100 |
_aJohnson, Robert _9144587 |
||
| 240 | _aElementary Statistics | ||
| 245 |
_aEstadística elemental: lo esencial / _cRobert Johnson y Patricia Kuby; traducción Jorge Humberto Romo Muñoz; revición técnica Ofelia Vizcaíno Díaz |
||
| 250 | _a10a ed. | ||
| 260 |
_aMéxico : _bCengage Learning, _c2011 |
||
| 300 | _axvii, 725 p. | ||
| 500 | _aContiene formulario al final. | ||
| 503 | _aej.1: 0104 \ ej.2: 0105 \ ej.3: 0106 | ||
| 650 |
_aEstadística _938241 |
||
| 650 |
_aEstadística descriptiva _9144310 |
||
| 650 |
_aProbabilidades _991687 |
||
| 700 |
_a Romo Muñoz, Jorge Humberto, tr. _9144588 |
||
| 700 |
_a Vizcaíno Díaz, Ofelia, rev. _9144589 |
||
| 700 |
_aKuby, Patricia, coaut. _9144590 |
||
| 901 | _a519.5 J64 | ||
| 902 | _aM | ||
| 910 | _a2011 | ||
| 942 | _c1 | ||
| 942 | _cc1 | ||
| 999 |
_c169628 _d169628 |
||